Hotline 024 OST - Statistics

General Stats
  • This quiz has been taken 6 times
  • The average score is 21 of 30
Answer Stats
Track Answer % Correct
Main Theme Customer Service
100%
Menu Theme Nightlight
100%
Secret #9 Astral Projection
75%
Freeplay #1 Broadcasting
75%
Cover #4 Deathmatch
75%
Secret #6 Deep Poems
75%
Code Menu Dreamfield
75%
Freeplay #8 EXPURGATED
75%
Freeplay #3 FANDOMANIA
75%
Death Theme Fatal Shot
75%
Secret #8 Fun is Infinite
75%
Freeplay #5 Hyperfunk
75%
Freeplay #4 Killer Queen
75%
Freeplay #2 Mirror Magic
75%
Freeplay #8 Overdrive
75%
Cover #3 Promenade
75%
Secret #4 Satellite Picnic
75%
Freeplay #7 smokebomb
75%
Freeplay #6 Sugarcrush
75%
Cover #1 Thunderstorm
75%
Secret #2 Uncanny Valley
75%
Extra #2 Armageddon
50%
Cover #2 Cassette Girl Megamix
50%
Secret #5 Close Chuckle
50%
Secret #3 Extraterrestrial
50%
Pause Theme Memories
50%
Secret #1 Nightland
50%
Extra #1 Soda Disco Funk
50%
Secret #7 Sussy Pussy
50%
Credits Theme Misfortunate
25%
No matching quizzes found
Score Distribution
Percent of People with Each Score
Percentile by Number Answered
Your Score History
You have not taken this quiz